| 000 | 02590nam a22002537a 4500 | ||
|---|---|---|---|
| 001 | 6559 | ||
| 003 | FISKH | ||
| 005 | 20250512093015.0 | ||
| 008 | 250509b cb ||||| |||| 00| 0 eng d | ||
| 020 | _a9789996333422 | ||
| 040 |
_aFISKH _bkhr _cFISKH _dFISKH |
||
| 082 | _a900 | ||
| 100 | _aSokheng, Kong | ||
| 245 |
_aសិក្សាអត្ថបទ អក្សរសិល្ប៏ខ្មែរ : _b៣២ រឿង : សម្រាប់ថ្នាក់មធ្យមសិក្សាចំណេះទូទៅ / _cរៀបរៀងនិងចងក្រងដោយ គង់ សុខហេង |
||
| 250 | _aកំណែប្រែលើកទី ៤ | ||
| 260 |
_aភ្នំពេញ : _bរោងពុម្ព ពេជ្រណែត, _c២០១៧ . |
||
| 300 |
_a700 pages : _bcolor illustrations ; _c20 cm . |
||
| 520 | _aសៀវភៅ “សិក្សាអត្ថបទ អក្សរសិល្ប៍ខ្មែរ” ដោយលោក គង់ សុខហេង គឺជាធនធានអប់រំដែលមានគោលបំណងបង្កើនការយល់ដឹងរបស់សិស្សចំពោះអក្សរសិល្ប៍ខ្មែរ។ វាបង្ហាញពីការវិភាគយ៉ាងជ្រៅលើអត្ថបទអក្សរសិល្ប៍ជាច្រើន ដោយផ្តល់នូវយល់ឃើញអំពីបរិបទប្រវត្តិសាស្រ្ត និងវប្បធម៌របស់វា។ សៀវភៅនេះជាការប្រមូលផ្តុំដែលមានតម្លៃសម្រាប់សិស្ស គ្រូបង្រៀន និងអ្នកស្រលាញ់អក្សរសិល្ប៍ ដែលចាប់អារម្មណ៍លើមរតកអក្សរសិល្ប៍ដ៏សម្បូរបែបរបស់កម្ពុជា។ | ||
| 520 | _aThe book "Study of Khmer Literature" by Kong Sokheng is an educational resource designed to enhance students' understanding of Khmer literature. It offers an in-depth exploration of various literary works, providing insights into their historical and cultural contexts. This compilation serves as a valuable tool for students, educators, and literature enthusiasts interested in the rich literary heritage of Cambodia. | ||
| 650 |
_aទុំទាវ _vអក្សរសិល្ប៏ខ្មែរ |
||
| 650 |
_aTom teav _vKhmer literature |
||
| 942 |
_2ddc _cKHB _n0 |
||
| 999 |
_c6559 _d6559 |
||